[Event "Ostravský koník 2014 - MÈR"]
[Site "Ostrava, CZE"]
[Date "2014.04.27"]
[Round "2"]
[White "Kislinsky, Alexey"]
[Black "Dolezal, Radoslav"]
[Result "1-0"]
[WhiteElo "2483"]
[BlackElo "2344"]
[PlyCount "75"]

1. e4 e5 2. Nf3 Nc6 3. Bb5 a6 4. Ba4 Nf6 5. O-O b5 6. Bb3 Be7 7. d4 d6 8. c3
O-O 9. h3 Bb7 10. Nbd2 Re8 11. a4 Bf8 12. Re1 Na5 13. Bc2 c5 14. d5 c4 15. Nf1
Nd7 16. Be3 Qc7 17. Ng3 Nc5 18. axb5 axb5 19. Nf5 Nab3 20. Rb1 Bc8 21. g4 Ra2
22. Kh2 Bd7 23. Rg1 Rea8 24. g5 Kh8 25. N3h4 Na1 26. Nh6 Be8 27. Ng4 Nxc2 28.
Qxc2 Nd3 29. Qe2 Qd8 30. Nf5 Rb8 31. Nf6 Bd7 32. Nxh7 g6 33. Nf6 Bxf5 34. exf5
Be7 35. Qg4 Kg7 36. Nd7 gxf5 37. Qh5 Qh8 38. Qh6+ 1-0

[Event "Ostravský koník 2014 - MÈR"]
[Site "Ostrava, CZE"]
[Date "2014.04.27"]
[Round "2"]
[White "Malík, Jan"]
[Black "Simacek, Pavel"]
[Result "0-1"]
[WhiteElo "2289"]
[BlackElo "2469"]
[PlyCount "69"]

1. e4 c5 2. Nf3 Nc6 3. d4 cxd4 4. Nxd4 g6 5. Nc3 Bg7 6. Be3 Nf6 7. Bc4 O-O 8.
Bb3 d6 9. h3 Qa5 10. O-O Bd7 11. Re1 Rfc8 12. Nd5 Qd8 13. Bg5 Nxd4 14. Bxf6 Nc6
15. Bxg7 Kxg7 16. Qd2 Be6 17. Re3 Kg8 18. Rae1 Qf8 19. Rc3 Rab8 20. Qg5 Kg7 21.
h4 b5 22. h5 f6 23. Qg3 Qf7 24. f4 Kf8 25. hxg6 hxg6 26. f5 gxf5 27. Nf4 Bxb3
28. exf5 Bc4 29. Ng6+ Ke8 30. Nxe7 Nxe7 31. Qxd6 Rb6 32. Qb4 Rc7 33. b3 Qd5 34.
Rce3 Qd6 35. Qc3 0-1

[Event "Ostravský koník 2014 - MÈR"]
[Site "Ostrava, CZE"]
[Date "2014.04.27"]
[Round "2"]
[White "Olsarova, Karolína"]
[Black "Rasik, Vitezslav"]
[Result "1/2-1/2"]
[WhiteElo "2279"]
[BlackElo "2456"]
[PlyCount "85"]

1. e4 d6 2. d4 Nf6 3. Nc3 g6 4. Nf3 Bg7 5. Be2 O-O 6. O-O c5 7. d5 Na6 8. Nd2
Nc7 9. a4 e6 10. Nc4 Nxe4 11. Nxe4 exd5 12. Nexd6 dxc4 13. c3 Be5 14. Nxc4 Bg7
15. Nd6 Be5 16. Nxc8 Rxc8 17. f4 Bf6 18. Bc4 Qxd1 19. Rxd1 Rfd8 20. Be3 b6 21.
f5 g5 22. Bf2 Rxd1+ 23. Rxd1 Rd8 24. Rxd8+ Bxd8 25. Bg3 Ne8 26. Bb8 a5 27. Kf2
Bc7 28. Bb5 Kf8 29. Bxe8 Bxb8 30. Bb5 Ke7 31. g3 Kf6 32. Bc4 h5 33. h3 Kxf5 34.
Bxf7 h4 35. gxh4 gxh4 36. Kf3 Bf4 37. b3 Bd2 38. c4 Bg5 39. Be8 Ke5 40. Bb5 Kd4
41. Kg4 Bd8 42. Kf5 Kc3 43. Ke4 1/2-1/2

[Event "Ostravský koník 2014 - MÈR"]
[Site "Ostrava, CZE"]
[Date "2014.04.27"]
[Round "2"]
[White "Jansa, Vlastimil"]
[Black "Kraus, Tomas"]
[Result "0-1"]
[WhiteElo "2455"]
[BlackElo "2326"]
[PlyCount "104"]

1. e4 e5 2. Nf3 Nc6 3. Bb5 a6 4. Ba4 Nge7 5. c3 d6 6. d4 Bd7 7. Be3 g6 8. O-O
Bg7 9. d5 Nb8 10. c4 h6 11. Nfd2 f5 12. f3 f4 13. Bf2 O-O 14. Nc3 g5 15. c5 Rf6
16. Nc4 Bxa4 17. Nxa4 Nd7 18. Qb3 Rb8 19. Rac1 Rg6 20. cxd6 cxd6 21. Bb6 Nxb6
22. Naxb6 h5 23. Qa4 g4 24. Kh1 Kh7 25. Qd7 Qxd7 26. Nxd7 Rg8 27. Na5 gxf3 28.
gxf3 b5 29. Rc7 Kh6 30. Nc6 Nc8 31. Rc1 h4 32. Ncxe5 Bxe5 33. Nxe5 dxe5 34.
Rxc8 h3 35. Rxg8 Rxg8 36. d6 Rd8 37. Rc6 Kg5 38. Kg1 Kf6 39. Kf1 Ke6 40. Rxa6
Rc8 41. b3 Rc1+ 42. Kf2 Rc2+ 43. Kg1 Rg2+ 44. Kf1 Rxh2 45. a4 Rb2 46. d7+ Kxd7
47. Rh6 h2 48. axb5 Kc7 49. b4 Kb7 50. Rh7+ Kb6 51. Rh5 Ra2 52. Rh3 Kxb5 0-1

[Event "Ostravský koník 2014 - MÈR"]
[Site "Ostrava, CZE"]
[Date "2014.04.27"]
[Round "2"]
[White "Sikora, Jan"]
[Black "Kociscak, Jiri"]
[Result "1/2-1/2"]
[WhiteElo "2188"]
[BlackElo "2434"]
[PlyCount "132"]

1. e4 e5 2. Bc4 Nf6 3. d3 c6 4. Nf3 Be7 5. Nc3 d6 6. Bb3 O-O 7. Ne2 Nbd7 8. Ng3
Nc5 9. Be3 Nxb3 10. axb3 a6 11. O-O Re8 12. Re1 h6 13. Bd2 Bf8 14. Ba5 b6 15.
Bc3 Qc7 16. d4 c5 17. dxe5 dxe5 18. Qd3 Bb7 19. Nd2 g6 20. Rad1 b5 21. Nf3 Rac8
22. h3 b4 23. Bd2 c4 24. Qe3 a5 25. bxc4 Qxc4 26. c3 Qb5 27. cxb4 axb4 28. Rc1
Nd7 29. Rxc8 Rxc8 30. Rc1 Rxc1+ 31. Bxc1 Qc6 32. Bd2 Qc2 33. Qa7 Bc6 34. Qc7 h5
35. Be3 h4 36. Nxh4 b3 37. Kh2 Ba3 38. Qd8+ Bf8 39. Qc7 Nf6 40. Qxe5 Bg7 41.
Qb8+ Ne8 42. Nf3 Qxb2 43. Nd2 Ba4 44. Qb4 Qa2 45. Ne2 b2 46. Bd4 Bxd4 47. Qxd4
Bc2 48. Qe5 Qe6 49. Qxe6 fxe6 50. Nc3 Nd6 51. f3 Bd3 52. Kg3 Nc4 53. Ndb1 Kf7
54. Kf2 Kf6 55. f4 Ke7 56. g4 Nd6 57. Ke3 Bc2 58. Na3 Bxe4 59. Kd4 Bg2 60. h4
Bf3 61. g5 Nf5+ 62. Kd3 Nxh4 63. Nc4 Ng2 64. Nxb2 Nxf4+ 65. Ke3 Nd5+ 66. Nxd5+
Bxd5 {Ke4} 1/2-1/2

[Event "Ostravský koník 2014 - MÈR"]
[Site "Ostrava, CZE"]
[Date "2014.04.27"]
[Round "2"]
[White "Vokac, Marek"]
[Black "Adamek, Jiri"]
[Result "1/2-1/2"]
[WhiteElo "2422"]
[BlackElo "2301"]
[PlyCount "61"]

1. d4 Nf6 2. c4 e6 3. Nf3 d5 4. Nc3 Be7 5. Bg5 O-O 6. e3 h6 7. Bh4 Ne4 8. Bxe7
Qxe7 9. Qc2 Nxc3 10. Qxc3 c6 11. Bd3 Nd7 12. O-O dxc4 13. Bxc4 c5 14. Rac1 b6
15. Bb5 Bb7 16. Bxd7 Qxd7 17. dxc5 Bxf3 18. gxf3 bxc5 19. b3 Rfc8 20. Rfd1 Qb7
21. Kg2 a5 22. Qe5 a4 23. Rc4 axb3 24. axb3 Rd8 25. Rg4 g6 26. Rxd8+ Rxd8 27.
Qxc5 Qxb3 28. Qe7 Qb8 29. Rf4 Rf8 30. h4 Qe8 31. Qxe8 1/2-1/2

[Event "Ostravský koník 2014 - MÈR"]
[Site "Ostrava, CZE"]
[Date "2014.04.27"]
[Round "2"]
[White "Biolek, Richard"]
[Black "Sikorová, Olga"]
[Result "1-0"]
[WhiteElo "2418"]
[BlackElo "2288"]
[PlyCount "67"]

1. d4 Nf6 2. c4 c5 3. d5 d6 4. Nc3 g6 5. g3 Bg7 6. Bg2 O-O 7. Nf3 Na6 8. O-O
Nc7 9. a4 b6 10. e4 Bg4 11. h3 Bxf3 12. Qxf3 a6 13. Qe2 Rb8 14. f4 Nd7 15. Bd2
e6 16. g4 exd5 17. exd5 Re8 18. Qd3 Bd4+ 19. Kh2 Qh4 20. g5 h6 21. Ne2 hxg5 22.
Nxd4 cxd4 23. Qxd4 gxf4 24. Rxf4 Qh7 25. Bc3 Ne5 26. Rf6 Red8 27. Rxd6 Rxd6 28.
Qxe5 Ne8 29. a5 f6 30. Qd4 Qc7 31. Kh1 b5 32. c5 Rd7 33. d6 Nxd6 34. Bd5+ 1-0

[Event "Ostravský koník 2014 - MÈR"]
[Site "Ostrava, CZE"]
[Date "2014.04.27"]
[Round "2"]
[White "Miculka, Petr"]
[Black "Kanovsky, David"]
[Result "0-1"]
[WhiteElo "2017"]
[BlackElo "2416"]
[PlyCount "72"]

1. e4 c5 2. Nf3 e6 3. c3 d5 4. exd5 exd5 5. Bb5+ Nc6 6. O-O Bd6 7. d4 Nge7 8.
Re1 O-O 9. Be3 c4 10. Ba4 Bf5 11. Bc2 b5 12. Nbd2 b4 13. Nh4 Bxc2 14. Qxc2 Qd7
15. h3 a5 16. Ndf3 f6 17. Nh2 a4 18. Qd2 a3 19. Reb1 axb2 20. Qxb2 Rfb8 21.
cxb4 Nxb4 22. N4f3 Qa4 23. Ne1 Nxa2 24. Qc2 Rxb1 25. Rxb1 Nb4 26. Qe2 Qd7 27.
g4 Qe6 28. Qf3 Nec6 29. Nf1 Ra3 30. Qf5 Qxf5 31. gxf5 Ne7 32. Ng3 Bxg3 33. Rxb4
Nxf5 34. Nc2 Ra2 35. fxg3 Rxc2 36. Bf4 Nxd4 0-1

[Event "Ostravský koník 2014 - MÈR"]
[Site "Ostrava, CZE"]
[Date "2014.04.27"]
[Round "2"]
[White "Konopka, Michal"]
[Black "Kulovaná, Eva"]
[Result "1/2-1/2"]
[WhiteElo "2408"]
[BlackElo "2250"]
[PlyCount "101"]

1. Nf3 d5 2. d4 Nf6 3. c4 c6 4. Nc3 a6 5. e3 Bf5 6. Be2 e6 7. Nh4 Be4 8. f3 Bg6
9. O-O b5 10. cxb5 cxb5 11. Bd2 Be7 12. Nxg6 hxg6 13. Rc1 Qd6 14. g3 O-O 15.
Qc2 Qb6 16. a4 b4 17. Nd1 Ra7 18. Nf2 Bd6 19. b3 Rc7 20. Qa2 Nc6 21. Nd3 a5 22.
Qb2 Rfc8 23. Kg2 Nb8 24. Nf2 Rxc1 25. Rxc1 Rxc1 26. Qxc1 Qc6 27. Qb1 Qb6 28.
Qd3 Qc6 29. Qb1 Qb6 30. f4 Nfd7 31. g4 f5 32. Nh3 Qc7 33. Ng5 Nf8 34. Bb5 Nbd7
35. gxf5 gxf5 36. Qd1 Nf6 37. Bd3 Ne4 38. Nxe4 fxe4 39. Bb5 Qf7 40. Qg4 Qg6 41.
h3 Kf7 42. Be1 Be7 43. Bg3 Bd8 44. Bc6 Qxg4 45. hxg4 Bc7 46. f5 Bxg3 47. Kxg3
Kf6 48. fxe6 Kxe6 49. Kf4 Ng6+ 50. Kg5 Ne7 51. Be8 1/2-1/2

[Event "Ostravský koník 2014 - MÈR"]
[Site "Ostrava, CZE"]
[Date "2014.04.27"]
[Round "2"]
[White "Zwardon, Vojtech"]
[Black "Didi, Jan"]
[Result "1-0"]
[WhiteElo "2391"]
[BlackElo "2069"]
[PlyCount "67"]

1. c4 c5 2. g3 Nf6 3. Bg2 d5 4. cxd5 Nxd5 5. Nc3 Nc7 6. a3 Nc6 7. b4 e5 8. Nf3
f6 9. Rb1 Be7 10. b5 Nd4 11. e3 Nf5 12. O-O O-O 13. b6 axb6 14. Qb3+ c4 15.
Qxc4+ Be6 16. Qe2 Bc5 17. d4 exd4 18. exd4 Bxa3 19. Nb5 Re8 20. Nxa3 Nxd4 21.
Nxd4 Qxd4 22. Qe3 Qxe3 23. fxe3 Nd5 24. Nb5 Rec8 25. Rd1 Nc3 26. Nxc3 Rxc3 27.
Rxb6 Bg4 28. Rf1 Rc2 29. Bxb7 Ra1 30. Bd5+ Kf8 31. Rc6 Rxc6 32. Bxc6 Ra2 33.
Rf2 Ra1 34. Rc2 1-0

[Event "Ostravský koník 2014 - MÈR"]
[Site "Ostrava, CZE"]
[Date "2014.04.27"]
[Round "2"]
[White "Szotkowski, Jakub"]
[Black "Petr, Martin"]
[Result "1/2-1/2"]
[WhiteElo "2161"]
[BlackElo "2529"]
[PlyCount "132"]

1. Nf3 d5 2. c4 e6 3. d4 Nf6 4. Nc3 c6 5. e3 Nbd7 6. Qc2 Bd6 7. b3 O-O 8. Be2
b6 9. O-O Bb7 10. Bb2 Rc8 11. Rac1 Qe7 12. Qb1 Rfe8 13. Rfd1 c5 14. dxc5 bxc5
15. h3 Bb8 16. Ba3 Nb6 17. Nd2 Red8 18. Bf3 a5 19. Nb5 Nfd7 20. cxd5 exd5 21.
Bg4 h5 22. Bxd7 Qxd7 23. Nc3 Qe7 24. Nf1 Rd6 25. Na4 Nxa4 26. bxa4 Ba7 27. Ng3
g6 28. Qb5 h4 29. Nf1 Qc7 30. Rd4 Ba6 31. Qb1 Qd8 32. Rd2 d4 33. exd4 Rxd4 34.
Rxd4 cxd4 35. Rxc8 Qxc8 36. Qe4 Bb7 37. Qxh4 Bc5 38. Bxc5 Qxc5 39. Qg3 Bc6 40.
Qb8+ Kg7 41. Ng3 d3 42. Qb2+ f6 43. Nf1 Qd5 44. f3 Bxa4 45. Qc3 Be8 46. a3 g5
47. Nd2 Bg6 48. Kf2 a4 49. Qc7+ Kh6 50. Qc3 Qe6 51. Qb4 Qe2+ 52. Kg1 Qe1+ 53.
Kh2 Qe5+ 54. Kg1 Kg7 55. Qb7+ Bf7 56. Qb4 f5 57. Kh1 Bb3 58. Qb7+ Kg6 59. Qa6+
Qf6 60. Qxd3 Qa1+ 61. Kh2 Qxa3 62. g4 Qc5 63. Nxb3 axb3 64. gxf5+ Qxf5 65. Qxb3
Qe5+ 66. Kg2 Qe2+ 1/2-1/2

[Event "Ostravský koník 2014 - MÈR"]
[Site "Ostrava, CZE"]
[Date "2014.04.27"]
[Round "2"]
[White "Cvek, Robert"]
[Black "Frolik, Martin"]
[Result "1-0"]
[WhiteElo "2519"]
[BlackElo "2213"]
[PlyCount "83"]

1. c4 e6 2. Nf3 d5 3. d4 c5 4. cxd5 exd5 5. g3 Nc6 6. Bg2 Nf6 7. O-O Be7 8. Nc3
O-O 9. Bg5 cxd4 10. Nxd4 h6 11. Be3 Re8 12. Qa4 Bd7 13. Rfd1 Nb4 14. Qb3 a5 15.
a4 Bg4 16. h3 Be6 17. Nxe6 fxe6 18. Bd4 Qc8 19. Rac1 Nc6 20. Bxf6 Bxf6 21. Nb5
Qd7 22. e4 d4 23. f4 Rac8 24. e5 Be7 25. Kh2 Kh8 26. Qd3 Bf8 27. Bxc6 Rxc6 28.
Qxd4 Qxd4 29. Nxd4 Rxc1 30. Rxc1 Bb4 31. Rc7 Rd8 32. Nxe6 Rd2+ 33. Kh1 Rxb2 34.
Nxg7 Rb1+ 35. Kg2 Rb2+ 36. Kf3 Rb3+ 37. Kg4 Be1 38. Nh5 Kg8 39. Nf6+ Kf8 40. e6
Rxg3+ 41. Kf5 Rg7 42. Rxg7 1-0

[Event "Ostravský koník 2014 - MÈR"]
[Site "Ostrava, CZE"]
[Date "2014.04.27"]
[Round "2"]
[White "Plat, Vojtech"]
[Black "Zidek, Vaclav"]
[Result "1-0"]
[WhiteElo "2456"]
[BlackElo "2135"]
[PlyCount "57"]

1. b3 e5 2. Bb2 Nc6 3. e3 Nf6 4. Bb5 Bd6 5. Na3 Na5 6. Be2 a6 7. Nf3 Qe7 8. Nb1
O-O 9. c4 Nc6 10. d4 exd4 11. exd4 Bb4+ 12. Kf1 Bd6 13. c5 Bf4 14. d5 Nb4 15.
Bc4 a5 16. a3 Na6 17. g3 Bh6 18. d6 Qd8 19. Nc3 Nxc5 20. dxc7 Qxc7 21. Nb5 Qc6
22. Nd6 Nfe4 23. Nf5 Nd2+ 24. Qxd2 Qxf3 25. Nxh6+ gxh6 26. Kg1 Ne6 27. Qxh6 d5
28. Bxd5 Qe2 29. Qf6 1-0

[Event "Ostravský koník 2014 - MÈR"]
[Site "Ostrava, CZE"]
[Date "2014.04.27"]
[Round "2"]
[White "Vrana, Frantisek"]
[Black "Voloshin, Leonid"]
[Result "1/2-1/2"]
[WhiteElo "2245"]
[BlackElo "2391"]
[PlyCount "128"]

1. e4 c5 2. Nf3 Nc6 3. g3 e5 4. Bg2 g6 5. O-O Bg7 6. d3 Nge7 7. Be3 d6 8. Qd2
O-O 9. Bh6 f6 10. Bxg7 Kxg7 11. c3 d5 12. exd5 Nxd5 13. Na3 Bg4 14. h3 Be6 15.
Rfe1 Qd7 16. Kh2 Rad8 17. Rad1 Nde7 18. Qc2 Bd5 19. Nc4 Bxc4 20. dxc4 Qe6 21.
b3 Rxd1 22. Rxd1 e4 23. Nd2 f5 24. f4 Rd8 25. Nf1 Rd6 26. Ne3 Qd7 27. Bf1 Rxd1
28. Qxd1 Qxd1 29. Nxd1 h6 30. h4 g5 31. hxg5 hxg5 32. Ne3 Kf6 33. Be2 g4 34.
Kg2 Ke6 35. Kf2 Nd8 36. Nc2 Nf7 37. Na3 Nd6 38. Ke3 Kd7 39. Bf1 a6 40. Kd2 Ng8
41. Ke3 Kc6 42. Kf2 Nf6 43. Nc2 b5 44. Ne3 b4 45. Nd1 a5 46. cxb4 cxb4 47. Nb2
Kc5 48. Ke3 Nh5 49. Na4+ Kc6 50. Kf2 Nb7 51. Bg2 Kd6 52. Bf1 Nc5 53. Nb2 e3+
54. Kxe3 Nxg3 55. Bg2 Nge4 56. Nd3 Nxd3 57. Kxd3 Nc5+ 58. Kd4 Ne6+ 59. Ke3 Kc5
60. Bb7 Nd4 61. Bc8 Nc2+ 62. Kf2 Nd4 63. Ke3 Nc2+ 64. Kf2 Nd4 1/2-1/2

[Event "Ostravský koník 2014 - MÈR"]
[Site "Ostrava, CZE"]
[Date "2014.04.27"]
[Round "2"]
[White "Michenka, Jozef"]
[Black "Kuba, Jindrich"]
[Result "1/2-1/2"]
[WhiteElo "2353"]
[BlackElo "2239"]
[PlyCount "172"]

1. d4 f5 2. g3 Nf6 3. Bg2 e6 4. Nf3 Be7 5. O-O d6 6. b3 O-O 7. Bb2 Ne4 8. c4
Nd7 9. Qc2 Qe8 10. Ne1 Qg6 11. Nd3 Bg5 12. e3 c5 13. Nf4 Bxf4 14. exf4 cxd4 15.
Bxd4 e5 16. fxe5 dxe5 17. Bb2 Re8 18. Re1 Nef6 19. Nc3 e4 20. Nb5 Rf8 21. Ba3
Rf7 22. Nd6 Rf8 23. Nb5 Rf7 24. Nd6 Rf8 25. f3 Ne5 26. fxe4 fxe4 27. Nxe4 Re8
28. Nxf6+ Qxf6 29. Qc3 Bg4 30. Bb2 Nf3+ 31. Bxf3 Bxf3 32. Qxf6 gxf6 33. Bxf6
Kf7 34. Bd4 Rxe1+ 35. Rxe1 Bc6 36. Rf1+ Kg8 37. Rf4 a6 38. Rg4+ Kf8 39. Rf4+
Kg8 40. Rg4+ Kf8 41. Kf2 Rd8 42. Ke3 Re8+ 43. Kd3 Re1 44. Bg7+ Kf7 45. Bc3 Re6
46. Rg7+ Kf8 47. Rc7 Ke8 48. Bd4 h5 49. a4 Re1 50. Kc3 Re2 51. h4 Re7 52. Rc8+
Kd7 53. Rh8 Bf3 54. Rf8 Bg4 55. a5 Re8 56. Rf1 Be6 57. Kb4 Rc8 58. Be5 Ke7 59.
Bf6+ Kd7 60. Rd1+ Ke8 61. Rd6 Bg4 62. Bg5 Rc7 63. Rd8+ Kf7 64. Bf4 Rc6 65. Rh8
Kg7 66. Be5+ Kg6 67. Rg8+ Kh6 68. Bf4+ Kh7 69. Re8 Kg6 70. Re7 Bc8 71. Kc3 Rc5
72. Bc7 Kf6 73. Bd8 Kg6 74. Kd4 Rc6 75. Bc7 Kf6 76. Rh7 Kg6 77. Re7 Kf6 78. Re5
Rxc7 79. Rxh5 Rg7 80. Rg5 Rxg5 81. hxg5+ Kxg5 82. Kc5 Bh3 83. Kb6 Bg2 84. b4
Kg4 85. b5 axb5 86. cxb5 Kxg3 1/2-1/2

[Event "Ostravský koník 2014 - MÈR"]
[Site "Ostrava, CZE"]
[Date "2014.04.27"]
[Round "2"]
[White "Vacek, Antonín"]
[Black "Dobrovolský, Ladislav"]
[Result "1-0"]
[WhiteElo "2053"]
[BlackElo "2334"]
[PlyCount "67"]

1. d4 e6 2. g3 f5 3. Bg2 Nf6 4. Nh3 Be7 5. c4 O-O 6. Nc3 d6 7. O-O e5 8. dxe5
dxe5 9. Qxd8 Bxd8 10. b3 Nc6 11. Ba3 Re8 12. Rad1 h6 13. f3 a5 14. Nf2 Nb4 15.
Rd2 c6 16. Bxb4 axb4 17. Na4 e4 18. fxe4 fxe4 19. e3 Bf5 20. Nd1 g6 21. Nf2 Bc7
22. Rfd1 b6 23. Bh3 b5 24. cxb5 cxb5 25. g4 Bc8 26. Rc2 Be5 27. Nb6 Bb7 28.
Nxa8 Rxa8 29. g5 hxg5 30. Be6+ Kf8 31. Rc5 Bc3 32. Nh3 Ke7 33. Nxg5 Ne8 34.
Rd7+ 1-0

[Event "Ostravský koník 2014 - MÈR"]
[Site "Ostrava, CZE"]
[Date "2014.04.27"]
[Round "2"]
[White "Marek, Matyás"]
[Black "Sabol, Marian"]
[Result "1-0"]
[WhiteElo "2110"]
[BlackElo "2295"]
[PlyCount "81"]

1. e4 e5 2. Nf3 Nc6 3. Bb5 Nf6 4. d3 Bc5 5. O-O d6 6. c3 Bb6 7. h3 h6 8. Re1
Qe7 9. Nbd2 a6 10. Ba4 g5 11. d4 g4 12. d5 g3 13. dxc6 Bxf2+ 14. Kh1 b5 15. Bb3
Rg8 16. Nh4 Ng4 17. Ndf3 Bb6 18. hxg4 Rxg4 19. Be3 Rxh4+ 20. Kg1 Bxe3+ 21. Rxe3
Rg4 22. a4 bxa4 23. Rxa4 h5 24. Bc4 h4 25. Qa1 Rf4 26. Bxa6 Bg4 27. Be2 Rxa4
28. Qxa4 Kf8 29. Qd1 Qf6 30. Qe1 Qh6 31. Nd2 Be6 32. Bf3 h3 33. Nf1 Rf6 34. b4
Rg6 35. gxh3 Bxh3 36. Bg2 Rf6 37. Rxg3 Be6 38. Qe3 Rf4 39. Qa7 Bg4 40. Qb8+ Kg7
41. Qd8 1-0

[Event "Ostravský koník 2014 - MÈR"]
[Site "Ostrava, CZE"]
[Date "2014.04.27"]
[Round "2"]
[White "Stocek, Jirí"]
[Black "Novosadová, Kristýna"]
[Result "1-0"]
[WhiteElo "2540"]
[BlackElo "2187"]
[PlyCount "57"]

1. c4 e5 2. Nc3 Nc6 3. e3 g6 4. Nf3 Bg7 5. Be2 d6 6. O-O Nge7 7. Rb1 a5 8. a3
O-O 9. b4 axb4 10. axb4 b6 11. h3 h6 12. b5 Na5 13. Rb4 Be6 14. Bb2 f5 15. d4
e4 16. Nd2 d5 17. cxd5 Nxd5 18. Nxd5 Bxd5 19. Qc2 f4 20. exf4 Rxf4 21. Nc4 Qf8
22. Ne3 Be6 23. Bc3 Rd8 24. d5 Bxd5 25. Bxg7 Qxb4 26. Qxc7 Bf7 27. Bxh6 Rd2 28.
Qb8+ Kh7 29. Bxf4 1-0

[Event "Ostravský koník 2014 - MÈR"]
[Site "Ostrava, CZE"]
[Date "2014.04.27"]
[Round "2"]
[White "Folková, Martina"]
[Black "Blatný, Pavel"]
[Result "0-1"]
[WhiteElo "2179"]
[BlackElo "2418"]
[PlyCount "60"]

1. e4 e5 2. Nf3 Nc6 3. Bb5 Nge7 4. c3 a6 5. Ba4 d6 6. d4 Bd7 7. d5 Nb8 8. Bxd7+
Nxd7 9. c4 g6 10. Nc3 Bg7 11. h4 h6 12. h5 Nf6 13. hxg6 fxg6 14. Bd2 Qd7 15.
Qb3 b6 16. Nh2 O-O 17. f3 b5 18. c5 dxc5 19. Nd1 c4 20. Qc2 c6 21. Nf2 cxd5 22.
exd5 Qf5 23. Qc1 g5 24. Nhg4 Nxg4 25. Nxg4 Nxd5 26. Rxh6 e4 27. Rh3 Rae8 28.
Ne3 Nxe3 29. Bxe3 exf3 30. Rxf3 Qd3 0-1

[Event "Ostravský koník 2014 - MÈR"]
[Site "Ostrava, CZE"]
[Date "2014.04.27"]
[Round "2"]
[White "Obsivac, Josef"]
[Black "Vybíral, Zdenek"]
[Result "1/2-1/2"]
[WhiteElo "2299"]
[BlackElo "2167"]
[PlyCount "122"]

1. d4 f5 2. c4 Nf6 3. g3 g6 4. Bg2 Bg7 5. Nf3 d6 6. O-O O-O 7. Nc3 c6 8. b3 Qc7
9. Ba3 Re8 10. e3 Nbd7 11. Qc2 e5 12. dxe5 dxe5 13. Rfd1 e4 14. Bd6 Qa5 15. b4
Qa3 16. Nd4 Ne5 17. Qb3 Qxb3 18. axb3 Nf7 19. Bc5 a6 20. Nc2 Be6 21. Bd4 Rad8
22. Na4 g5 23. Bc3 Nd6 24. Nd4 Bf7 25. Nc5 Ng4 26. Rdc1 Ne5 27. Bf1 Bf6 28. Be2
Kg7 29. Kg2 g4 30. h4 Kg6 31. Ra2 Nf3 32. Rd1 h5 33. Kf1 Nh2+ 34. Kg2 Nf3 35.
Kf1 Nh2+ 36. Kg2 Nf3 37. Kh1 Be5 38. Ba1 Kf6 39. Kg2 Kg6 40. Bf1 Bf6 41. Kh1
Bg8 42. Ne2 Bxa1 43. Raxa1 Kf6 44. Nf4 Bf7 45. Be2 Ne5 46. Rd4 Ke7 47. Rad1 Rh8
48. Kg2 Ng6 49. Nxg6+ Bxg6 50. Kf1 Bf7 51. Ke1 Be6 52. Kd2 Bc8 53. Kc3 Nf7 54.
Rxd8 Rxd8 55. Rxd8 Nxd8 56. Na4 Kd6 57. Nb6 Be6 58. Kd4 Nf7 59. Na4 b5 60. Nc3
Bd7 61. Nb1 Nd8 1/2-1/2

[Event "Ostravský koník 2014 - MÈR"]
[Site "Ostrava, CZE"]
[Date "2014.04.27"]
[Round "2"]
[White "Veselý, Martin"]
[Black "Holemár, David"]
[Result "0-1"]
[WhiteElo "2156"]
[BlackElo "2269"]
[PlyCount "94"]

1. d4 c5 2. d5 e5 3. e4 d6 4. Bb5+ Bd7 5. a4 a6 6. Bd3 Be7 7. Ne2 Bg4 8. O-O
Bg5 9. f3 Bxc1 10. Qxc1 Bc8 11. Nd2 Nd7 12. Ng3 Ne7 13. a5 b5 14. axb6 Nxb6 15.
Nc4 Nxc4 16. Bxc4 O-O 17. Ra3 Qb6 18. Rb3 Qc7 19. Qd2 f5 20. exf5 Nxf5 21. Nxf5
Bxf5 22. Ra1 Rfb8 23. Rxa6 Rxa6 24. Bxa6 Rxb3 25. cxb3 Qa7 26. Bc4 Qa1+ 27. Kf2
h6 28. h4 Qh1 29. Kg3 Qg1 30. Qf2 Qc1 31. Kh2 Qf4+ 32. g3 Qc1 33. Qe2 Qb1 34.
Qd2 e4 35. g4 Bh7 36. f4 h5 37. gxh5 Bf5 38. Qe2 Kh7 39. Qd2 Kh6 40. Be2 Kh7
41. Bb5 Bg4 42. Be8 Bf3 43. Bg6+ Kg8 44. Bf5 Qh1+ 45. Kg3 Qg1+ 46. Kh3 e3 47.
Be6+ Kh8 0-1

[Event "Ostravský koník 2014 - MÈR"]
[Site "Ostrava, CZE"]
[Date "2014.04.27"]
[Round "2"]
[White "Olsar, Jaroslav"]
[Black "Sindler, Michal"]
[Result "1/2-1/2"]
[WhiteElo "2267"]
[BlackElo "2157"]
[PlyCount "90"]

1. e4 c5 2. Nf3 d6 3. d4 cxd4 4. Nxd4 Nf6 5. Nc3 e6 6. Be2 Be7 7. O-O O-O 8. f4
Nc6 9. Be3 a6 10. Qe1 Nxd4 11. Bxd4 b5 12. a3 Bb7 13. Qg3 g6 14. Bd3 a5 15.
Rae1 b4 16. Nb1 Nd7 17. Qh3 e5 18. Be3 exf4 19. Bxf4 Ne5 20. Qe3 Bf6 21. Be2
Re8 22. Rd1 Qc7 23. c3 bxc3 24. Nxc3 Nc4 25. Bxc4 Qxc4 26. Bxd6 Bxc3 27. Qxc3
Qxc3 28. bxc3 Rxe4 29. Rb1 Bc6 30. Rfe1 Rxe1+ 31. Rxe1 Rd8 32. Rd1 f6 33. c4
Re8 34. Kf2 Re4 35. c5 Rc4 36. Rd2 Rc3 37. Ra2 Kf7 38. g3 Bd5 39. Rb2 Rxa3 40.
Rb8 f5 41. h4 a4 42. Rb6 Rc3 43. Ra6 a3 44. c6 Rxc6 45. Rxc6 Bxc6 1/2-1/2

[Event "Ostravský koník 2014 - MÈR"]
[Site "Ostrava, CZE"]
[Date "2014.04.27"]
[Round "2"]
[White "Ockay, Tomás"]
[Black "Olsarová, Tereza"]
[Result "1/2-1/2"]
[WhiteElo "2154"]
[BlackElo "2260"]
[PlyCount "63"]

1. Nf3 d5 2. b3 Bg4 3. Bb2 Bxf3 4. exf3 e6 5. f4 Nf6 6. Be2 g6 7. O-O Bg7 8.
Bf3 O-O 9. d3 c5 10. c4 Nc6 11. g3 Rc8 12. Nc3 Qd7 13. Bg2 d4 14. Ne4 Nxe4 15.
Bxe4 e5 16. Bc1 Rfe8 17. Re1 Kh8 18. fxe5 Nxe5 19. Bf4 Ng4 20. Bf3 Ne5 21. Bd5
Re7 22. Bxe5 Bxe5 23. Qd2 Rce8 24. Re2 Kg7 25. Rae1 b6 26. Kg2 h6 27. f4 Bd6
28. Rxe7 Rxe7 29. Rxe7 Qxe7 30. Kf3 Bc7 31. Qe2 Qxe2+ 32. Kxe2 1/2-1/2

[Event "Ostravský koník 2014 - MÈR"]
[Site "Ostrava, CZE"]
[Date "2014.04.27"]
[Round "2"]
[White "Firt, Stanislav"]
[Black "Bures, Martin"]
[Result "1-0"]
[WhiteElo "2253"]
[BlackElo "2156"]
[PlyCount "99"]

1. c4 g6 2. Nc3 Bg7 3. d4 d6 4. e4 Nc6 5. d5 Nd4 6. Nge2 c5 7. Be3 Bg4 8. f3
Bxf3 9. gxf3 Nxf3+ 10. Kf2 Ne5 11. Nf4 Nf6 12. Be2 Qd7 13. h3 O-O 14. Qc2 Rab8
15. Rag1 a6 16. a4 Ne8 17. Ke1 Nc7 18. h4 b5 19. axb5 axb5 20. cxb5 c4 21. b6
Na6 22. Qa4 Qb7 23. Qb5 Rfc8 24. Na4 Nc7 25. Qb4 Na6 26. Qa5 Ra8 27. Qd2 Qd7
28. Kf2 Qxa4 29. b7 c3 30. bxc3 Qxe4 31. Bxa6 Qf3+ 32. Ke1 Rcb8 33. bxa8=Q Rxa8
34. Rh3 Rxa6 35. Rxf3 Nxf3+ 36. Ke2 Nxd2 37. Bxd2 Ra4 38. Rb1 Bf6 39. h5 Bg5
40. Kf3 Bxf4 41. Bxf4 gxh5 42. Rb7 Kf8 43. Be3 Rg4 44. Rb8+ Kg7 45. Re8 Kf6 46.
Bd4+ Kf5 47. Rxe7 f6 48. Rxh7 h4 49. Rh5+ Rg5 50. Rxh4 1-0

[Event "Ostravský koník 2014 - MÈR"]
[Site "Ostrava, CZE"]
[Date "2014.04.27"]
[Round "2"]
[White "Chlevistan, Jakub"]
[Black "Belunek, Vladimír"]
[Result "1/2-1/2"]
[WhiteElo "2142"]
[BlackElo "2252"]
[PlyCount "61"]

1. Nf3 Nf6 2. c4 g6 3. d4 Bg7 4. Nc3 O-O 5. g3 d6 6. Bg2 Nc6 7. O-O a6 8. Bf4
Rb8 9. Rc1 h6 10. c5 g5 11. Bd2 g4 12. Nh4 Nxd4 13. cxd6 Qxd6 14. Be3 Rd8 15.
Qd2 Nf5 16. Nxf5 Bxf5 17. Qxd6 exd6 18. Ba7 Ra8 19. Bd4 c6 20. e4 Be6 21. Rfd1
Ne8 22. Bb6 Rd7 23. Rd2 a5 24. Rcd1 a4 25. Bd4 b5 26. Bxg7 Kxg7 27. e5 d5 28.
Ne4 Re7 29. Nc5 Bf5 30. Re1 Nc7 31. Rde2 1/2-1/2

[Event "Ostravský koník 2014 - MÈR"]
[Site "Ostrava, CZE"]
[Date "2014.04.27"]
[Round "2"]
[White "Havlíková, Kristýna"]
[Black "Pacl, Václav"]
[Result "1/2-1/2"]
[WhiteElo "2251"]
[BlackElo "2150"]
[PlyCount "55"]

1. e4 d5 2. exd5 Nf6 3. d4 Nxd5 4. Nf3 Bg4 5. Be2 Nc6 6. h3 Bh5 7. c4 Nb6 8. d5
Bxf3 9. gxf3 Ne5 10. Qb3 e6 11. dxe6 fxe6 12. Be3 Qf6 13. Nd2 O-O-O 14. O-O-O
Qf5 15. Ne4 Be7 16. Ng3 Qf7 17. f4 Nc6 18. Ne4 e5 19. fxe5 Nxe5 20. c5 Qxb3 21.
axb3 Nd5 22. Nd6+ cxd6 23. Rxd5 Nc6 24. Bg4+ Kc7 25. cxd6+ Bxd6 26. Rhd1 Be5
27. Rd7+ Rxd7 28. Rxd7+ 1/2-1/2